00491nam a2200193 a 4500001001300000003000900013005001700022008004100039020002300080082001600103100001600119245001600135260003400151300000900185500003500194505003400229650001800263700001600281nice12345678IN_TiNIC20260116013251.0050524s1997 newa grp 000 0 eng  a8170951 c42500a954.04bNAN aNanda, Ravi aFinal Irony aNew DelhibLancers Bookc1997 a420p aincludes index and biblioraphy2 aGlossary, Bibliography, Index aIndia-History1 aNanda, Ravi